=LDR 00000nam 2200000 4500 =001 INLIS000000000012543 =005 20130612104044 =008 ***********************************Ind** =035 ##$$0010-061300000012543 =041 ##$$a Ind =082 ##$$a 418 =090 ##$$a 418, Son p =100 ##$$a Santoso, Kusno Budi =245 ##$$a Problemantika bahasa Indonesia sebuah analisa praktiks bahasa baku, Kusno Budi Santoso =260 ##$$a 1990 $b Jakarta =300 ##$$a 201 hlm., 20 cm =650 ##$$a Bahasa Baku =850 ##$$a NBPNMAT